[Event "Hastings Premier 1982/83 58th"]
[Site "Hastings"]
[Date "1982.12.31"]
[Round "4"]
[White "Plaskett, H James"]
[Black "Tukmakov, Vladimir B"]
[Result "1/2-1/2"]
[WhiteElo "2430"]
[BlackElo "2555"]
[PlyCount "131"]
[EventDate "1982.12.28"]
[EventType "tourn"]
[EventRounds "13"]
[EventCountry "ENG"]
[EventCategory "11"]
[SourceTitle "BritBase"]
[Source "John Saunders"]
[SourceDate "2024.12.03"]
[SourceVersion "1"]
[SourceVersionDate "2024.12.03"]
[SourceQuality "1"]

1. d4 Nf6 2. c4 g6 3. Nc3 d5 4. Nf3 Bg7 5. e3 O-O 6. b4 Be6 7. c5 Ne4 8. Bb2 Nd7 9. Qc2 Nxc3 10. Qxc3 c6 11. Be2 Bg4 12. Ne5 Nxe5 13. dxe5 Bxe2 14. Kxe2 Qd7 15. f3 f6 16. exf6 Bxf6 17. Qd2 Bxb2 18. Qxb2 Rad8 19. Rad1 Qf5 20. Qb3 Rf7 21. Qd3 Qg5 22. Rdg1 e5 23. h4 Qf6 24. Qd2 e4 25. f4 a6 26. Rd1 d4 27. exd4 e3 28. Qd3 Qxf4 29. Qxe3 Qg4+ 30. Kd3 Qxg2 31. Qe6 Kf8 32. Rhe1 Qb2 33. Rf1 Qxd4+ 34. Kc2 Rf2+ 35. Rxf2+ Qxf2+ 36. Kc1 Qf4+ 37. Kc2 Qf2+ 38. Kc1 Re8 39. Qd6+ Kg8 40. h5 Qxa2 41. Qd4 Qa3+ 42. Kb1 Qb3+ 43. Ka1 a5 44. h6 Qa3+ 45. Kb1 Qxb4+ 46. Qxb4 axb4 47. Rd7 Rb8 48. Kb2 Kh8 49. Kb3 g5 50. Kxb4 Ra8 51. Rd4 Rg8 52. Ka5 g4 53. Kb6 g3 54. Rd1 Rg6 55. Rd8+ Rg8 56. Rd1 g2 57. Rg1 Rg6 58. Kxb7 Kg8 59. Kc7 Kf8 60. Kd8 Rg5 61. Kd7 Rg6 62. Kd8 Rxh6 63. Rxg2 Rh5 64. Rc2 Rf5 65. Kd7 Rf6 66. Rd2 {Source: Informator 35/573} 1/2-1/2

[Event "Hastings Challengers 1982/83"]
[Site "Hastings"]
[Date "1983.01.03"]
[Round "6"]
[White "Martin, Andrew D"]
[Black "Gallagher, Joseph G"]
[Result "1-0"]
[WhiteElo "2300"]
[BlackElo "2200"]
[PlyCount "71"]
[EventDate "1982.12.28"]
[EventType "swiss"]
[EventRounds "10"]
[EventCountry "ENG"]
[SourceTitle "BritBase"]
[Source "John Saunders"]
[SourceDate "2024.12.03"]
[SourceVersion "1"]
[SourceVersionDate "2024.12.03"]
[SourceQuality "1"]

1. d4 Nf6 2. c4 g6 3. Nc3 Bg7 4. e4 d6 5. Nf3 O-O 6. Be3 Nbd7 7. Nd2 e5 8. d5 a5 9. Be2 Nc5 10. g4 Bxg4 11. Bxg4 Nd3+ 12. Ke2 Nxb2 13. Qb3 Nxc4 14. Qxc4 Nxg4 15. Rag1 Nxe3 16. fxe3 c6 17. a4 Qd7 18. h4 Bf6 19. h5 c5 20. Qb5 Rfd8 21. Qxd7 Rxd7 22. Nc4 Ra6 23. Rb1 Bd8 24. Rb3 Kg7 25. h6+ Kf8 26. Rhb1 Ra7 27. Nb6 Bxb6 28. Rxb6 Ke7 29. Kf3 f6 30. Nb5 Ra6 31. Rxa6 bxa6 32. Na3 Kf7 33. Kg4 Ke7 34. Nc4 Rd8 35. Nxa5 Rd7 36. Rb8 {Source: BCM, March 1983, p90} 1-0

[Event "Hastings Challengers 1982/83"]
[Site "Hastings"]
[Date "1983.01.05"]
[Round "8"]
[White "Martin, Andrew D"]
[Black "Lane, Gary William"]
[Result "1-0"]
[WhiteElo "2300"]
[BlackElo "2260"]
[PlyCount "67"]
[EventDate "1982.12.28"]
[EventType "swiss"]
[EventRounds "10"]
[EventCountry "ENG"]
[SourceTitle "BritBase"]
[Source "John Saunders"]
[SourceDate "2024.12.03"]
[SourceVersion "1"]
[SourceVersionDate "2024.12.03"]
[SourceQuality "1"]

1. e4 e5 2. Nf3 Nc6 3. Bc4 Bc5 4. c3 Nf6 5. d4 exd4 6. O-O $5 Nxe4 7. cxd4 d5 $1 8. dxc5 dxc4 9. Qxd8+ Kxd8 10. Rd1+ Bd7 11. Na3 $6 Nxc5 12. Ng5 $1 Ke8 (12... Kc8 $5 13. Nxf7 Rf8 14. Ng5 h6 15. Nf3 c3 $1 $17 16. bxc3 $140 Bg4) 13. Nb5 Rc8 14. Bf4 Na6 $2 15. Nxf7 $1 Rf8 16. Nbd6+ $1 cxd6 17. Nxd6+ Ke7 18. Bg5+ Ke6 19. Rd2 Ne5 20. Re1 Rc5 21. f4 $11 Bc6 22. fxe5 b5 (22... c3 $15) 23. Nxb5 $5 Bxb5 24. Rd6+ Kf5 25. Be3 c3 $2 (25... Rcc8 $11) 26. Bxc5 Nxc5 27. bxc3 Ne6 $4 $138 (27... Ne4 28. Rd5 $16) 28. g4+ Kxg4 29. Rxe6 Rf3 30. Re7 g5 31. Rxh7 Rxc3 32. Rf7 Rc2 33. Rf2 Rc3 34. e6 {Source: CHESS, January 1983, Vol.47/891-2, p244} 1-0